| 000 | 00442nam a2200181Ia 4500 | ||
|---|---|---|---|
| 005 | 20250423101514.0 | ||
| 008 | 250422s9999 xx 000 0 und d | ||
| 020 | _a0582427754 | ||
| 050 | _aPZ 7 .A53 W76/ | ||
| 100 | _aAnderson, Kris | ||
| 245 | 4 | _aThe wrong trousers | |
| 260 | _aOxford | ||
| 260 | _bLongman | ||
| 260 | _c2003 | ||
| 300 | _a15 p | ||
| 650 | _aEnglish language -- Study and teaching Readers - Level 1 | ||
| 942 | _cBK | ||
| 999 |
_c36486 _d36486 |
||